000
00318nam a22001337a 4500
082
_a
894.812.3
100
_a
KALLURUTTY SATHYAN
245
_a
SCHOOL KATHAKAL
_b
BALASAHITHYAM
250
_a
1
260
_a
TIRURANGADI
_b
ASHRAFI BOOK CENTRE
_c
2004
300
_a
94
650
_a
MALAYALAM SHORT STORY
_z
KERALA
942
_c
BK
999
_c
1292
_d
1292